00805nam a2200241Ia 450000500170000000800410001704000190005804100120007708200190008924501140010826000270022230000160024944000250026550400190029063000450030965000340035465100180038870000250040685000100043194200070044199900160044895200990046420230317141234.0131103s9999 xx 000 0 und d aLoreto College aEnglish a822.3bFOR-SME 4aThe broken heartb a play written by John Ford cEdited with a preface,notes and glossary by Oliphant Smeaton aLondonbJ.M.Dentc1906 axvi,144 p.  aThe Temple Dramalist aIncludes notes aFord,John,1586 - 1639 - The Broken Heart aFord,John,(1586 - after 1639) aEnglish Drama aSmeaton,Oliphant,ed. aLCLIB cBK c4200d54679 00102ddc4070aMAINbMAINd2013-11-04l0o822.3 FOR-SMEpB4067r2013-11-04w2013-11-04yBKf